000 00389cam a2200157ua 4500
041 _aeng
_h
082 _a828.09
_bTIL/SH
100 _aTillyard, E M W .
245 _aShakespeare`s history plays /
_cE M WTillyard.
_hTextual Documents
250 _a1 /
_b.
260 _aLondon :
_bChatto and Windus ,
_c1964.
300 _a336 ; .
504 _a
942 _cBK
999 _c6844
_d6844